书目信息 |
| 题名: |
蝶舞丽景
|
|
| 作者: | 唐燕 主编 | |
| 分册: | ||
| 出版信息: | 北京 知识产权出版社有限责任公司 2020.08 |
|
| 页数: | 12,227页 | |
| 开本: | 24cm | |
| 丛书名: | ||
| 单 册: | ||
| 中图分类: | G612-53 | |
| 科图分类: | ||
| 主题词: | 学前教育--教学研究--文集 | |
| 电子资源: | ||
| ISBN: | 978-7-5130-6989-2 | |
| 000 | 00981nam0 2200241 450 | |
| 001 | 012001001874 | |
| 005 | 20141203091417.0 | |
| 010 | @a978-7-5130-6989-2@dCNY88.00 | |
| 100 | @a20220905d2020 em y0chiy50 ea | |
| 101 | 0 | @achi |
| 102 | @aCN@b110000 | |
| 105 | @aa z 000yy | |
| 106 | @ar | |
| 200 | 1 | @a蝶舞丽景@Adie wu li jing@e蝶文化理念下的幼儿园实践故事@f唐燕主编 |
| 210 | @a北京@c知识产权出版社有限责任公司@d2020.08 | |
| 215 | @a12,227页@c彩图,彩照@d24cm | |
| 330 | @a本书以叙事的方式,描述丽景幼儿园从创立到现今的实践故事,包括园所管 理、教师成长、幼儿发展、特色活动、家园共育等方面的故事。全书以幼儿园的文化理念作为内在的逻辑支撑,匹配了精彩故事进行分类撰写,回顾幼儿园各项工作的点点滴滴。 | |
| 517 | 1 | @a蝶文化理念下的幼儿园实践故事@Adie wen hua li nian xia de you er yuan shi jian gu shi |
| 606 | 0 | @a学前教育@x教学研究@j文集 |
| 690 | @aG612-53@v5 | |
| 701 | 0 | @a唐燕@Atang yan@4主编 |
| 801 | 0 | @aCN@bAHXH@c20221111 |
| 905 | @b1371829-33@dG612-53@e2742@f5 | |
| 蝶舞丽景:蝶文化理念下的幼儿园实践故事/唐燕主编.-北京:知识产权出版社有限责任公司,2020.08 |
| 12,227页:彩图,彩照;24cm |
| ISBN 978-7-5130-6989-2:CNY88.00 |
| 本书以叙事的方式,描述丽景幼儿园从创立到现今的实践故事,包括园所管 理、教师成长、幼儿发展、特色活动、家园共育等方面的故事。全书以幼儿园的文化理念作为内在的逻辑支撑,匹配了精彩故事进行分类撰写,回顾幼儿园各项工作的点点滴滴。 |
| ● |
| 相关链接 |
|
|
|
|
正题名:蝶舞丽景
索取号:G612-53/2742
 
预约/预借
| 序号 | 登录号 | 条形码 | 馆藏地/架位号 | 状态 | 备注 |
| 1 | 1371829 | 213718299 | 第一样本阅览室/ [索取号:G612-53/2742] | 在馆 | |
| 2 | 1371830 | 213718306 | 教育系资料室/ [索取号:G612-53/2742] | 在馆 | |
| 3 | 1371831 | 213718315 | 教育系资料室/ [索取号:G612-53/2742] | 在馆 | |
| 4 | 1371832 | 213718324 | 第四借阅区/ [索取号:G612-53/2742] | 在馆 | |
| 5 | 1371833 | 213718333 | 第四借阅区/ [索取号:G612-53/2742] | 在馆 |